Las acusaciones constitucionales en Chile: una perspectiva histórica

Bewaard in:
Bibliografische gegevens
Hoofdauteur: Loveman, Brian (autor)
Andere auteurs: Lira Kornfeld, Elizabeth (autora)
Formaat: Boek
Taal:Spaans
Gepubliceerd in: Santiago LOM 2000
Reeks:Serie Historia
Onderwerpen:
Tags: Voeg label toe
Geen labels, Wees de eerste die dit record labelt!

MARC

LEADER 00000nam a2200000 a 4500
001 UCO0503
003 CL-VaPUC
008 000420e20000000CL |||||||||||||||||spa|d
020 |a 9562051307 
082 0 4 |a 342.029  |b LOV  |2 21 
100 |a Loveman, Brian  |e autor  |9 576386 
700 |a Lira Kornfeld, Elizabeth  |e autora  |9 621801 
245 1 4 |a Las acusaciones constitucionales en Chile: una perspectiva histórica 
300 |a 240 p 
942 |c BK 
945 |d 20000420 00:00:00  |a rbrito 
260 |a Santiago  |b LOM  |c 2000 
650 0 |a Acusación constitucional  |9 416491 
650 0 |a Historia del derecho  |9 255109 
650 0 |a Derecho constitucional   |9 222588 
650 0 |a Constitución política  |9 336925 
651 7 |a CHILE  |2 CL-VaPUC  |9 441847 
583 |a last modification  |c 20170406 02:42:57  |k Rodrigo Vera 
490 0 |a Serie Historia 
999 |c 287200  |d 287198 
952 |0 0  |1 0  |4 0  |6 342_029000000000000_LOV_2000  |7 0  |8 A  |9 333672  |a BIBHIS  |b BIBHIS  |d 2019-11-20  |i 3610713  |o 342.029 LOV 2000  |p 3610713  |r 2025-01-20  |w 2019-11-20  |y BK  |k HIS 
952 |0 0  |1 0  |4 0  |6 342_029000000000000_LOV_2000  |7 0  |8 DER_HDC  |9 333673  |a BIBDER  |b BIBDER  |d 2019-11-20  |i 4009703  |o 342.029 LOV 2000  |p 4009703  |r 2023-01-25  |w 2019-11-20  |x Ubicación 4to Piso  |y BK  |z Estos recursos deben solicitarse con anticipación  |k DER 
952 |0 0  |1 0  |4 0  |6 342_029000000000000_LOV_2000  |7 0  |8 A  |9 333674  |a BIBHIS  |b BIBHIS  |d 2019-11-20  |i 4089049  |o 342.029 LOV 2000  |p 4089049  |r 2025-01-20  |w 2019-11-20  |y BK  |k HIS 
952 |0 0  |1 0  |4 0  |6 342_029000000000000_LOV_2000  |7 0  |8 A  |9 333675  |a BIBHIS  |b BIBHIS  |d 2019-11-20  |i 4356071  |o 342.029 LOV 2000  |p 4356071  |r 2025-01-20  |w 2019-11-20  |y BK  |k HIS